000 00235nam a22000857a 4500
008 170601b xxu||||| |||| 00| 0 eng d
100 _93171
_aIyengar. G
245 _aYou asked for it stories of apoorva bhatta
260 _aNew Delhi
_bCBT
_c2001
999 _c6474
_d6474